Kulturní, duchovní a etnické kořeny Ruska

Other Authors: Gkantzios Drápelová, Pavla, 1984-
Language: Russian
Czech
English
Published: Červený Kostelec : Pavel Mervart, 2005-
Series: Russia Altera
Online Access: Digitalizovaný dokument (sv. 2)
Physical Description: ^^^sv. : il., portréty, faksim. ; 20 cm
Subscribed volumes: 1-3
Language note: Část. anglický a ruský text, anglická, ruská, německé a francouzské resumé
Book
Saved in:
LEADER 03695nam a2200757 aa4500
001 000970517
003 CZ BrMZK
005 20190425100549.0
007 ta
008 070110m20059999xr ach f 001 0 cze
015 |a cnb001704366 
020 |a 80-86818-15-2  |q (sv. 1 ;  |q brož.) 
020 |a 80-86818-34-9  |q (sv. 2 ;  |q brož.) 
020 |a 978-80-86818-43-6  |q (sv. 3 ;  |q brož.) 
035 |a (OCoLC)71294474 
040 |a ABA001  |b cze  |d BOA001 
041 0 |a cze  |a eng  |a rus  |b eng  |b fre  |b ger  |b rus 
043 |a e-ru--- 
072 7 |a 930.85  |x Dějiny civilizace. Kulturní dějiny  |2 Konspekt  |9 8 
080 |a 316.72/.75  |2 MRF 
080 |a 930.85  |2 MRF 
080 |a 316.75-028.78  |2 MRF 
080 |a 27-58-021.56  |2 MRF 
080 |a 27-1/-5  |2 MRF 
080 |a 316.72  |2 MRF 
080 |a 316.347  |2 MRF 
080 |a 316.73  |2 MRF 
080 |a (470+571)  |2 MRF 
080 |a (082)  |2 MRF 
245 0 0 |a Kulturní, duchovní a etnické kořeny Ruska 
246 3 |a Kulturní, duchovní a etnické kořeny Ruska - tradice a alternativy 
246 3 |a Kulturní, duchovní a etnické kořeny Ruska - vlivy a souvislosti 
246 3 |a Kulturní, duchovní a etnické kořeny Ruska - portréty 
260 |a Červený Kostelec :  |b Pavel Mervart,  |c 2005- 
300 |a ^^^sv. :  |b il., portréty, faksim. ;  |c 20 cm 
490 1 |a Russia Altera 
500 |a Terminologické slovníky 
504 |a Obsahuje bibliografické odkazy a rejstříky 
505 1 |a sv. 1. Tradice a alternativy. 2005. 215 s. -- sv. 2. Vlivy a souvislosti. 2006. 349 s. -- sv. 3. Portréty / Pavla Gkantzios Drápelová ... [et al.]. 2009. 276 s. 
546 |a Část. anglický a ruský text, anglická, ruská, německé a francouzské resumé 
650 0 7 |a kultura a společnost  |7 ph122010  |z Rusko  |2 czenas 
650 0 7 |a kulturní dějiny  |7 ph122020  |z Rusko  |2 czenas 
650 0 7 |a kulturní tradice  |7 ph138956  |z Rusko  |2 czenas 
650 0 7 |a duchovní tradice  |7 ph170913  |z Rusko  |2 czenas 
650 0 7 |a náboženské tradice  |7 ph114546  |z Rusko  |2 czenas 
650 0 7 |a kulturní identita  |7 ph122024  |z Rusko  |2 czenas 
650 0 7 |a etnicita  |7 ph120007  |z Rusko  |2 czenas 
650 0 7 |a kulturní vlivy  |7 ph166541  |z Rusko  |2 czenas 
655 7 |a sborníky  |7 fd163935  |2 czenas 
700 1 |a Gkantzios Drápelová, Pavla,  |d 1984-  |7 jx20091009006  |4 aut 
740 0 2 |a Tradice a alternativy (Kulturní, duchovní a etnické kořeny Ruska) 
740 0 2 |a Vlivy a souvislosti (Kulturní, duchovní a etnické kořeny Ruska) 
740 0 2 |a Portréty (Kulturní, duchovní a etnické kořeny Ruska) 
830 0 |a Russia Altera 
856 4 1 |u http://www.digitalniknihovna.cz/mzk/uuid/uuid:bf19dd90-de9b-11e7-8cdd-5ef3fc9bb22f  |z sv. 2  |y Digitalizovaný dokument  |x NDK 
910 |a BOA001  |b 1-1230.575  |b 2-1180.069  |b 2-1178.501  |s 1-3 
920 |a 000836445 
920 |a 000836921 
990 |a BK 
991 |b 200911  |c NOV  |j 930.85 KUL 
996 6 |b 2610298067  |c 2-1178.501  |d Tradice a alternativy  |v 3  |l MZK  |r Sklad / do 1 hodiny  |n 23  |p p.v.  |w 000970517  |u 000030  |a 1  |e BOA001  |j MZK50  |s P 
996 6 |b 2610298932  |c 2-1180.069  |d Vlivy a souvislosti  |v 2  |l MZK  |r Sklad / do 1 hodiny  |n 4  |p p.v.  |w 000970517  |u 000040  |a 1  |e BOA001  |j MZK50  |s P 
996 7 |b 2610301091  |c 2-1180.069  |d Vlivy a souvislosti  |v 2  |l MZK  |r Sklad / do 1 hodiny  |n 16  |p kup  |w 000970517  |u 000050  |a 1  |e BOA001  |j MZK50  |s A 
996 7 |b 2610323820  |c 2-1180.069  |d Vlivy a souvislosti  |v 2  |l MZK  |r Sklad / do 1 hodiny  |n 16  |p p.v.  |w 000970517  |u 000060  |a 1  |e BOA001  |j MZK50  |s A 
996 6 |b 2610394224  |c 1-1230.575  |d Portréty  |v 1  |l MZK  |r Sklad / do 1 hodiny  |n 5  |p p.v.  |w 000970517  |u 000010  |a 1  |e BOA001  |j MZK50  |s P 
996 7 |b 2610395149  |c 1-1230.575  |d Portréty  |v 1  |l Vol.výběr  |r VV 1p  |n 24  |p kup  |h 930.85 KUL  |w 000970517  |u 000020  |a 0  |e BOA001  |j MZK50  |s A